Banderas separatistas - Estadísticas

Estadísticas generales
  • Esta prueba ha sido intentada 26 veces
  • La puntuación promedio es 12 de 20
Estadísticas de respuestas
Imagen Respuesta % Correcto
Escocia
96%
Palestina
96%
Hong Kong
92%
Puerto Rico
92%
Cataluña
88%
País Vasco
88%
Groenlandia
85%
Tibet
73%
Transnistria
73%
Nueva Caledonia
62%
Kurdistán
58%
Sahara Occidental
58%
Guayana Francesa
46%
Quebec
42%
Flandes
38%
Somalilandia
38%
Norte de Chipre
35%
Chechenia
27%
Bougainville
12%
Zulia
8%
No se encontraron pruebas coincidentes
Distribución de puntuación
Porcentaje de gente con cada puntuación
Porcentaje por número respondido
Historial de tus puntuaciones
No has intentado esta prueba.